MARC

LEADER 00000nam0a2200000 4500
001 325487
005 20231102003752.0
035 |a (RuTPU)RU\TPU\book\351101 
090 |a 325487 
100 |a 20161206d1936 km y0rusy50 ca 
101 0 |a rus 
102 |a RU 
105 |a y z 000zb 
200 1 |a Илья Репин. Воспоминания  |f К. Чуковский 
210 |a Москва  |a Ленинград  |c Искусство  |d 1936 
215 |a 158 с. 
600 1 |a Репин  |b И. Е.  |c русский живописец  |f 1844-1930  |g Илья Ефимович  |2 stltpush  |3 (RuTPU)RU\TPU\pers\10848  |9 2394 
606 1 |a Живописцы  |2 stltpush  |3 (RuTPU)RU\TPU\subj\10834  |9 37852 
610 1 |a изобразительное искусство 
610 1 |a русская живопись 
610 1 |a история 
610 1 |a 19 век 
610 1 |a 20 век 
610 1 |a художники 
610 1 |a персоналии 
610 1 |a воспоминания 
675 |a 75.071  |v 4 
700 1 |a Чуковский  |b К.  |g Корней 
801 1 |a RU  |b 63413507  |c 20161206 
801 2 |a RU  |b 63413507  |c 20200121  |g RCR 
942 |c BK